000 00688nam a2200241Ia 4500
003 OSt
005 20220918222426.0
006 a|||||r|||| 00| 0
007 ta
008 220917b |||||||| |||| 00| 0 eng d
024 _a216,849
037 _cTextual
040 _aARTS
_cARTS
_beng
041 _2eng
_aeng
082 _aQ7:332.43, N8
100 _aLiebeskind Claudia
_9143112
245 0 _aPiety on its knees
_b three Sufi traditions in South Asia in modern times
260 _aDelhi
_bOxford Univ. Press India
_c1998
300 _aix, 340p
_ccm.
650 _aRELIGION
942 _hQ7:332.43, N8
_cTEXL
_2CC
999 _c275481
_d275481